[Event "Scandic Hotels CC"]
[Site "Stockholm"]
[Date "2000.08.01"]
[Round "4"]
[White "Matros, Alexander"]
[Black "Hillarp Persson, Tiger"]
[Result "1-0"]
[WhiteElo "2425"]
[BlackElo "2549"]
[Annotator "Huebner,R"]
[PlyCount "59"]
[EventDate "2000.07.29"]
[EventType "tourn"]
[EventRounds "9"]
[EventCountry "SWE"]
[EventCategory "10"]
[SourceTitle "CBM 079"]
[Source "ChessBase"]
[SourceDate "2000.11.21"]
[SourceVersion "1"]
[SourceVersionDate "2000.11.21"]
[SourceQuality "1"]

1. c4 Nf6 2. d4 c6 3. Nc3 d5 4. e3 a6 5. Qc2 b5 6. b3 Bg4 7. Nge2 Nbd7 8. h3
Bh5 9. Nf4 Bg6 10. Nxg6 hxg6 11. a4 {Dies ist ein neuer Versuch; besonders
kräftig sieht er nicht aus.} (11. Bb2 {ist konventionell:} e6 12. Bd3 Be7 $14 {
1/2-1/2 Gagarin,V-Zagrebelny,S/Moscow 1996/CBM 56 ext (51)}) 11... bxc4 12.
bxc4 e5 13. Be2 Bd6 14. cxd5 cxd5 15. Ba3 Bxa3 16. Rxa3 exd4 17. exd4 Qb6 ({
Die Fortsetzung} 17... Qa5 18. O-O O-O {sieht plausibler aus; Schwarz mag
einen geringfügigen Vorteil besitzen.}) 18. O-O Qxd4 $2 (18... O-O $11) 19.
Nxd5 Nxd5 20. Rd1 Qe5 ({Unerfreulich war auch} 20... Qb4 21. Rb3 Qd6 22. Qe4+
Qe6 23. Qxd5 Qxd5 24. Rxd5 Ra7 {mit besserem Endspiel für Weiß;}) ({oder} 20...
Qc5 21. Qxc5 ({Nach} 21. Qe4+ Kf8 22. Qxd5 Re8 {hat Schwarz gute
Überlebensaussichten.}) 21... Nxc5 22. Rxd5 Ne6 23. Ra5 {Das Endspiel ist für
Schwarz natürlich ebenfalls sehr unerfreulich.}) 21. Bf3 O-O 22. Bxd5 Rad8 (
22... Rac8 $2 {wird mit} 23. Bxf7+ {widerlegt.}) 23. Re3 Qg5 $2 (23... Qf6 {
war nötig; jetzt kann} 24. Qc7 {mit 24...Sb6 pariert werden.} ({Nach} 24. a5
Rc8 25. Qe2 Nc5 {behält Weiß Vorteil, aber die Partie ist noch nicht zu Ende.})
) 24. Qc7 $18 Kh7 25. Bb3 Nc5 (25... Nb8 26. Rxd8 Qxd8 27. Qxd8 Rxd8 28. Bxf7 {
läßt Schwarz in einer hoffnungslosen Stellung.}) 26. Rxd8 Rxd8 27. f4 Qh4 28.
Qxc5 Rd2 29. Rf3 Qe1+ 30. Kh2 1-0

[Event "Montecatini Terme"]
[Site "Montecatini Terme"]
[Date "2000.07.31"]
[Round "4"]
[White "Azmaiparashvili, Zurab"]
[Black "Bareev, Evgeny"]
[Result "1/2-1/2"]
[WhiteElo "2673"]
[BlackElo "2702"]
[Annotator "Huebner,R"]
[PlyCount "59"]
[EventDate "2000.07.28"]
[EventType "tourn"]
[EventRounds "7"]
[EventCountry "ITA"]
[EventCategory "17"]
[SourceTitle "CBM 079"]
[Source "ChessBase"]
[SourceDate "2000.11.21"]
[SourceVersion "1"]
[SourceVersionDate "2000.11.21"]
[SourceQuality "1"]

1. d4 d5 2. c4 c6 3. Nc3 Nf6 4. cxd5 cxd5 5. Bf4 Nc6 6. e3 a6 7. Bd3 Bg4 8.
Nge2 e6 9. Qb3 Nb4 {Dies ist besser als} (9... Bxe2 10. Bxe2 $14 {1/2-1/2
Seirawan,Y-Illescas Cordoba,M/Biel 1993/CBM 37 (49)}) 10. Bb1 Bxe2 11. Kxe2 (
11. Nxe2 {gefällt mir besser, obwohl Weiß auf Eröffnungsvorteil nicht zählen
kann:} Nh5 12. a3 Nxf4 13. Nxf4 Nc6 {mit gleichem Spiel.}) 11... Bd6 12. Bxd6
Qxd6 13. Na4 O-O 14. f4 ({Auf} 14. Nc5 {folgt} a5 15. a3 Na6 {mit guter
Stellung für Schwarz.}) 14... Rac8 15. Nc5 b6 16. Nd3 Nc6 {Dies ist
einscharfer Versuch, das unkonventionelle Spiel des Weißen auszunutzen.} (16...
Nxd3 17. Bxd3 a5 {ergibt Ausgleich.}) 17. Qxb6 (17. Ne5 Na5 18. Qd3 Ne4 {
ist unbequem für Weiß.}) 17... Rb8 18. Qc5 Qd7 19. Rc1 Rfc8 20. Qa3 e5 $1 21.
dxe5 (21. fxe5 Ne4 {ist ungünstiger für Weiß, weil die f-Linie bloßgelegt ist
und die Dame des Schwarzen das Feld g5 zur Verfügung hat.}) 21... Ne4 22. Kf1 (
{Der Versuch} 22. b3 {ist nicht von Risiko entblößt:} d4 {usw.}) 22... Nb4 23.
Re1 ({Nicht mehr versprach die Fortsetzung} 23. Rxc8+ Qxc8 24. h3 Nd2+ 25. Kg1
d4 (25... Nxb1 26. Rxb1 Qc2 27. Rc1 Qxd3 28. Qxb4 Qxe3+ 29. Kh2 {bietet dem
Weißen Gewinnaussichten.}) 26. exd4 Nxb1 27. Rxb1 Qc2 28. Nxb4 Qxb1+ 29. Kh2
Qe4 {, und Weiß könnte in Schwierigkeiten geraten.}) 23... Nd2+ 24. Kg1 Qg4 ({
Zu ungefähr ausgeglichenem Spiel führt auch} 24... Nxb1 25. Raxb1 Nc2 26. Qxa6
Ra8 ({oder} 26... Nxe1 27. Rxe1 Ra8 28. Qd6 Qb5 (28... Qxd6 {ist nicht besser:}
29. exd6 Rxa2 (29... Rd8 30. a3 $14) 30. d7 Rd8 31. Rc1 Kf8 32. Rc8 Ke7 33. Ne5
{mit Vorteil für Weiß}) 29. Rd1 Qa4 30. Nf2 {mit etwa gleichem Spiel.}) 27. Qd6
Qf5 28. Qxd5 Rd8 29. e4 Rxd5 30. exf5 Rxd3 31. Red1 Rxd1+ 32. Rxd1 Ne3 {
mit Ausgleich.}) 25. Nf2 $2 {Dieser Zug sollte den Weißen in Schwierigkeiten
bringen. Richtig war} (25. Nxb4 Nf3+ 26. Kf1 ({Die Fortsetzung} 26. Kh1 Nxe1
27. Bxh7+ Kxh7 28. Rxe1 Qe2 29. Qd3+ Qxd3 30. Nxd3 Rc2 {führt zu gutem Spiel
für Schwarz.}) 26... Nxe1 (26... Nxh2+ 27. Kf2 {schlägt nicht durch.}) 27.
Bxh7+ Kxh7 28. Rxe1 Rxb4 29. h3 Qg3 30. Qxb4 Rc2 31. Re2 Rc1+ {mit
unentschieden.}) 25... Nf3+ 26. Kf1 ({Die Folge} 26. Kh1 Qh4 27. gxf3 Qxf2 {
ist offenbar hoffnungslos für Weiß.}) 26... Nd2+ {Zu Unrecht bescheidet sich
Schwarz in der Schlußstellung mit Zugwiederholung. Folgendes Abspiel ist für
ihn höchst vielversprechend:} (26... Nxh2+ 27. Kg1 Nf3+ 28. Kf1 Nd2+ 29. Kg1
Qg3 30. e4 {Ich sehe keine andere Verteidigung.} (30. Rd1 Nc2 {führt zu
entscheidendem Angriff.}) 30... Qxf4 31. exd5 Nxb1 32. Raxb1 Nc2 33. Qxa6 Nxe1
34. Rxe1 Qd2 35. Rd1 Qxb2 36. e6 fxe6 37. Qxe6+ Kh8 38. d6 Rf8 {Ich zweifele
daran, daß Weiß überleben kann.}) 27. Kg1 Nf3+ 28. Kf1 Nxh2+ 29. Kg1 Nf3+ 30.
Kf1 1/2-1/2

[Event "RUS-ch 57th"]
[Site "Moscow"]
[Date "2004.11.24"]
[Round "8"]
[White "Kasparov, Garry"]
[Black "Svidler, Peter"]
[Result "1-0"]
[WhiteElo "2813"]
[BlackElo "2735"]
[Annotator "Huebner,R"]
[PlyCount "113"]
[EventDate "2004.11.15"]
[EventType "tourn"]
[EventRounds "11"]
[EventCountry "RUS"]
[EventCategory "18"]
[SourceTitle "CBM 104"]
[Source "ChessBase"]
[SourceDate "2005.01.27"]
[SourceVersion "1"]
[SourceVersionDate "2005.01.27"]
[SourceQuality "1"]

1. d4 {Ftacnik} d5 2. c4 c6 3. Nc3 dxc4 4. e4 b5 5. a4 b4 6. Na2 Nf6 7. e5 Nd5
8. Bxc4 e6 9. Nf3 Be7 10. Bd2 a5 11. Nc1 Nd7 12. Nb3 h6 {Ftacnik: 'Svidler is
preventing the jumps of the White pieces to g5 and prepares for the tough
defence.' Meist zieht Schwarz hier 12...Bb7, um so bald wie möglich c6-c5
durchsetzen zu können. Weiß spielt dann auf Königsangriff, wie die unten
angefügten Beispielpartien zeigen. Svidler wählt einen anderen Plan. Er
bereitet mit dem Textzug Qd8-b6 vor, indem er sowohl Bd2-g5 wie Nf3-g5-e4
ausschaltet; dann tauscht er die weißfeldrigen Läufer mit Bc8-a6. Weiß hat nun
keinerlei Aussichten auf Königsangriff. Einen Nachteil hat jedoch die
Verfolgung dieses Planes: Schwarz kommt nicht mehr zu c6-c5. Die Bauern auf a5
und c6 bleiben schutzbedürftig, und Schwarz hat keinerlei aktives Spiel.} (
12... Bb7 13. O-O (13. h4 h6 14. Rh3 Kf8 15. Qe2 N5b6 16. Bd3 c5 17. dxc5 Nxc5
18. Nxc5 Bxc5 19. Rg3 Rc8 20. Rg4 Bc6 21. Bb5 Bd5 22. h5 Rc7 23. Kf1 Nd7 24.
Ng1 Be7 25. Bf4 b3 26. Qe3 Rc2 27. Qg3 Nc5 28. Rxg7 Bg5 29. Rxg5 hxg5 30. Bxg5
Ne4 31. Bxd8 Nxg3+ 32. fxg3 Bxg2+ 33. Ke1 Rxh5 34. Rd1 Rxe5+ 35. Ne2 Bf3 36.
Bf6 Rexe2+ 37. Bxe2 Rxe2+ 38. Kf1 Rf2+ 39. Kxf2 {1/2-1/2 Van Wely,L-Piket,J/
Vlissingen 2001/CBM 83 ext (39).}) 13... h6 (13... O-O 14. Qe2 c5 15. dxc5 (15.
Bd3 cxd4 16. Rfc1 Qb6 17. Nbxd4 Rfc8 18. Bb5 Nf8 19. g3 $11 {1/2-1/2 Yakovich,
Y-Sadler,M/EU-chTM 1997 (42)} Rc7 20. Rxc7 Nxc7 21. Bd3 Rd8 22. Re1 Na6 23. Be4
Bxe4 24. Qxe4 Bc5 25. Be3 Rd5 26. Nb3 Bxe3 27. Qxe3 Qb7 28. Nfd4 Nb8 29. Nb5
Nc6 30. f4 Ne7 31. N3d4 Nfg6 32. Nd6 Qb8 33. N4b5 Nf5 (33... h6 $14) 34. Nxf5
exf5 35. Nd6 (35. e6 $18 {vgl. "Schach" 5/1997, S. 21.}) 35... Ne7 36. Kf2 h6
37. Re2 Rd1 38. Re1 Nd5 39. Qe2 Rxe1 40. Qxe1 Qa7+ 41. Kg2 Qa6 42. Kf2 Qa7+ {
1/2-1/2 Yakovich,Y-Sadler,M/Pula 1997/CBM 57 ext/[Huebner,R] (42)}) 15... Nxc5
16. Nxc5 Bxc5 17. Bd3 Ne7 {Dieser Rückzug erregt mein Mißtrauen. Nach} (17...
Be7 18. Qe4 g6 {ist die Stellung des Schwarzen meines Erachtens solide genug.})
18. Rad1 h6 $6 (18... Bxf3 19. Qxf3 Qb6 20. Qe4 Ng6 {ist noch keineswegs fatal
für Schwarz.}) 19. Bxh6 Bxf3 $6 (19... gxh6 20. Bh7+ Kxh7 21. Rxd8 Raxd8 22.
Qc2+ Nf5 23. Qxc5 Bxf3 24. gxf3 Rg8+ 25. Kh1 Rd5 {lohnte vielleicht einen
Versuch; die Festung des Schwarzen ist schwer zu knacken, zum Beispiel} 26. Qc7
Rg7 27. f4 h5 28. h3 h4 29. Rc1 (29. Qc2 Rg8) 29... Rd2 30. Rc2 Rd1+ 31. Kh2
Nd4) 20. Qxf3 gxh6 21. Qf4 Qb6 $2 ({Die richtige Verteidigung bestand in} 21...
Qe8 22. Qxh6 Ng6 23. Be4 Ra7 24. Rd3 f5 25. exf6 Rxf6 {doch wird der Angriff
des Weißen nach} 26. Qg5 Be7 27. Rg3 {durchdringen.}) 22. Qxh6 Nf5 23. Qg5+ Ng7
24. Qh4 Nf5 25. Qg4+ Ng7 (25... Kh8 26. Qh5+ Kg8 27. g4 {ist ebenfalls
hoffnungslos.}) 26. Qe4 Nf5 27. g4 Kg7 28. Kh1 {1-0 Slipak,S-Rojas,L/Villa
Martelli 1998/CBM 65/[Huebner,R] (28)}) 14. Qe2 (14. Qc2 Rc8 15. Qe4 c5 16.
Rac1 Kf8 17. Bb5 Ba8 (17... Bc6 {sollte meines Erachtens versucht werden. Nach}
18. Bxc6 Rxc6 19. dxc5 Nxc5 20. Nxc5 Rxc5 (20... Bxc5 21. Be3) 21. Rc4 g6 22.
Rfc1 Rxc4 23. Qxc4 Kg7 {kann Schwarz sich halten.}) 18. Qd3 g5 19. Bxd7 ({Nach
} 19. Nxa5 Qxa5 ({Die Fortsetzung} 19... g4 20. Ne1 Nxe5 21. dxe5 Qxa5 22. f3 {
ist riskant für Schwarz.}) 20. Bxd7 Rd8 21. Bb5 Nc7 {erhält Schwarz prächtiges
Gegenspiel.}) 19... Qxd7 20. dxc5 Qxa4 (20... Bc6 21. Nxa5 Bxa4 22. c6 Bxc6 23.
Qa6 g4 24. Nd4 Nc7 25. Qxc6 Qxd4 26. Rfd1 {führt zu einer Verluststellung für
Schwarz.}) 21. Nfd4 (21. Ra1 Qd7 22. Rxa5 {war meines Erachtens das richtige
Verfahren. Weiß setzt mit Sf3-d4, Tf1-a1 usw. fort; eines Tages wird der Bauer
auf b4 nicht mehr haltbar sein. Nach dem Textzug kann sich Schwarz erholen.})
21... Qe8 22. c6 Bxc6 ({Die Folge} 22... a4 23. Na5 Qd8 24. Nb7 (24. Qa6 Kg7 {
führt zu einer unklaren Stellung.}) 24... Qb6 ({Die Fortsetzung} 24... Qc7 25.
Nc5 Bxc5 26. Rxc5 Qxe5 27. Ra1 {birgt für Schwarz Gefahren, weil sein Läufer
eingeschlossen bleibt.}) 25. Nd6 Bxd6 26. exd6 Bxc6 27. Rxc6 Rxc6 28. Nxc6 Qxc6
29. Bxb4 {überläßt dem Weißen einige Initiative; der Textzug ist sicherer.})
23. Nxc6 Rxc6 24. Nxa5 Rxc1 25. Rxc1 Kg7 (25... Qa4 26. Nc6 Bc5 27. Rxc5 Qd1+
28. Qf1 Qxd2 {zu sein; Schwarz hat keine Probleme.}) 26. Nc6 Qd7 27. Bxb4 Rc8 (
27... Bxb4 28. Nxb4 Rd8 {kam in Betracht. Nach} 29. Nxd5 Qxd5 {hat Weiß meines
Erachtens kaum Gewinnaussichten.}) 28. Bxe7 Rxc6 (28... Qxe7 {bietet nach wie
vor prächtige Remischancen.}) 29. Bf6+ Kg8 30. Rxc6 Qxc6 31. Qd2 Qa4 (31...
Nxf6 32. exf6 e5 33. b4 Qxf6 34. b5 e4) 32. h3 Qe4 33. f3 Qf5 (33... Qc4 {
, um den Versuch zu unternehmen, eine Art Festungsstellung aufrechtzuerhalten.}
) 34. Qa5 Nxf6 35. Qd8+ Ne8 36. Qxe8+ Kg7 37. Qb5 Qc2 (37... Qf4 38. Qc5 {
ist ebenfalls hoffnungslos für Schwarz.}) 38. Qb4 Qe2 39. Qd4 h5 40. b4 Qe1+
41. Kh2 h4 42. b5 Qg3+ 43. Kh1 Qe1+ 44. Qg1 Qxe5 45. Qb1 Qd5 46. b6 Qb7 47. Qb4
e5 48. Qc5 Kg6 49. Qc7 {1-0 Kasparov,G-Sokolov,I/Sarajevo 1999/CBM 71/[Huebner,
R] (49).}) 14... Qb6 15. Rfc1 Kf8 16. Ne1 g6 17. Nd3 Kg7 18. Rc2 Qd8 19. Bxd5
cxd5 20. Ndc5 Nxc5 21. Nxc5 Bc8 22. Rac1 Ra7 23. Qf3 h5 24. h3 h4 25. b3 {
1/2-1/2 Baikov,V-Rustemov,A/Elista 2001/CBM 83 (25).}) 13. O-O Qb6 14. Qe2 Ba6
15. Rfc1 O-O 16. Bxa6 Qxa6 {Auch ohne Damentausch behält Weiß die bequemere
Stellung:} (16... Rxa6 17. Be3 {nebst Nf3-d2 (zum Beispiel).}) 17. Qxa6 Rxa6
18. Kf1 Rc8 19. Ke2 Kf8 {Ftacnik: 'Svidler has reached nearly an equal
position, the weakness of a5 and c6 pawns is compensated by the d4-e5 pawn
structure.'} (19... Ra7 {Ftacnik} 20. Rc2 N7b6 $11) 20. Rc2 Ke8 21. Be3 {
'!?' Ftacnik.} N5b6 22. Ne1 h5 23. Nd3 {Ftacnik: 'Kasparov was playing in
Moscow with a great energy, he has managed to discover the most unpleasant set
up of his pieces.'} Nd5 24. g3 f6 $6 {Dies ist vermutlich schlecht; die
Bauernstruktur des Schwarzen wird geschwächt, indem h5 isoliert und e6
schutzbedürftig wird. Nach} (24... Raa8 25. Rac1 N7b6 26. Nbc5 Rcb8 {kann sich
Schwarz vielleicht halten: gelegentlich mag der Stich b4-b3 für Weiß pieksend
sein, und falls der Anziehende selbst b2-b3 zieht, entsteht ein Loch auf c3,
und a5 kann nicht mehr von einem Springer auf b3 angegriffen werden.}) 25. Rac1
Kf7 26. exf6 gxf6 27. Nf4 Nxf4+ 28. Bxf4 Nf8 $6 {Schwarz sollte wohl den
folgenden Abtausch nicht gestatten} (28... Bf8 29. Nd2 {mag schließlich zu
einer beinahe gleichen Stellung führen wie die Partiefortsetzung;}) (28... e5 {
kommt in Betracht.}) 29. Nc5 Bxc5 30. Rxc5 {Ftacnik: 'Black has got additional
weaknesses, but White's bishop is only half a piece due to the d4 pawn.'} f5 {
Das sieht nicht schön aus, aber nach} (30... Kg6 31. R5c4 Nd7 32. Bd6 {hat
Schwarz keine fruchtbaren Züge mehr.}) 31. Bg5 Nd7 32. R5c2 Kg6 33. h4 Kf7 34.
f3 c5 $6 {Ftacnik: 'It is only natural, that the defender was not willing to
suffer forever. Spirited pawn sacrifice enables him to show surprising
activity. '  Die Öffnung der Stellung begünstigt Weiß.} ({Auf} 34... e5 {folgt}
35. dxe5 (35. d5 c5 36. Be3 Rd6 {gibt dem Weißen keinen Vorteil.}) 35... Nxe5
36. Rc5 Re8 37. Kf1 Kg6 38. Rd1 Nf7 39. Bf4 {Es ist nicht zu vermuten, daß
Schwarz dem Druck auf die Dauer standhalten kann.}) ({Passives Ausharren mit} 
34... Nf8 {oder}) (34... Kg6 {ist geboten; um weiterzukommen, wird Weiß g3-g4
anstreben müssen. Ob er diesen Vorstoß unter Umständen zuwege bringen kann,
die ihm den Gewinn garantieren, ist nicht sicher. Wo der entscheidende Fehler
von Schwarz liegt, ist mir nicht klar; deshalb habe ich nirgendwo ein volles
Fragezeichen gesetzt. Erstaunlicherweise dürfte 24...f6 die Hauptursache der
Schwierigkeiten gewesen sein.}) 35. dxc5 Rac6 36. Rd1 Nb6 (36... Nxc5 {führt
zum Verlust:} 37. Rdc1 Nb3 38. Rxc6 Rxc6 39. Rxc6 Nd4+ 40. Kd3 Nxc6 41. Kc4
Ne5+ 42. Kb5 Nxf3 43. Bd8 (43. Be3 Ne5 {ist weniger klar.}) 43... Nd4+ 44. Kxa5
Nc6+ (44... e5 45. Bb6 Nc2 46. Kb5 Ke6 47. a5 Kd7 48. a6 Kc8 49. Bc5 Kb8 50.
Bd6+ {ist ebenfalls hoffnungslos für Schwarz.}) 45. Kb6 {, und Weiß gewinnt.})
37. Be3 Nxa4 38. Ra1 b3 39. Rd2 Nxc5 40. Rxa5 $18 {Der Bauer auf b3 ist
unhaltbar, der Läufer dem Springer überlegen, und auch die Bauernstruktur am
Königsflügel weist Schwächen auf. Schwarz ist verloren.} Na6 41. Rb5 {Ftacnik:
'The good form is manifesting itself by strong moves in all phases of the game,
ex-champion is mounting his pressure.'} Rb8 42. Rd7+ Ke8 43. Rxb8+ Nxb8 44. Rb7
Rc2+ 45. Kf1 Nd7 46. Rxb3 {Ftacnik: 'White has excellent chances for win
because of the assymetry of the pawns and the domination of the Bishop against
Knight.'} Ke7 47. Bg5+ Kd6 48. Rd3+ Kc6 49. Rd2 Rc4 50. Ke2 e5 51. Be7 e4 52.
Rd6+ Kc7 53. Rd5 Rc2+ 54. Ke3 Rxb2 55. Rxf5 exf3 56. Kxf3 Rb3+ 57. Kf4 1-0

[Event "Dos Hermanas-A"]
[Site "Dos Hermanas"]
[Date "2001.04.22"]
[Round "4"]
[White "Gurevich, Mikhail"]
[Black "Sokolov, Ivan"]
[Result "0-1"]
[WhiteElo "2688"]
[BlackElo "2659"]
[Annotator "Huebner,R"]
[PlyCount "150"]
[EventDate "2001.04.19"]
[EventType "tourn"]
[EventRounds "9"]
[EventCountry "ESP"]
[EventCategory "16"]
[SourceTitle "CBM 083"]
[Source "ChessBase"]
[SourceDate "2001.07.05"]
[SourceVersion "1"]
[SourceVersionDate "2001.07.05"]
[SourceQuality "1"]

1. d4 Nf6 2. c4 c6 3. Nc3 d5 4. e3 a6 5. Qc2 g6 6. Bd3 Bg7 7. Nf3 O-O 8. O-O
Bg4 9. Ne5 Be6 10. b3 c5 11. Ne2 cxd4 {Dies ist natürlich viel plausibler als
die Aufgabe des Punktes d5 in der Vorgängerpartie:} (11... dxc4 12. bxc4 Nfd7
13. Nxd7 Bxd7 14. Rb1 Nc6 15. dxc5 Rb8 16. Bd2 Ne5 17. Be4 Qc7 18. Bb4 Be6 19.
Nf4 Bxc4 20. Rfd1 Rfd8 21. Bc3 Bb5 22. Nd5 Rxd5 23. Rxd5 Ng4 24. g3 Bc6 25.
Rdd1 Nxe3 26. fxe3 Bxe4 27. Qxe4 Bxc3 28. c6 bxc6 29. Rxb8+ Qxb8 30. Qxe7 Qb4
31. Qxb4 Bxb4 32. Kf2 Kg7 33. Ke2 Kf6 34. Kd3 Ke5 35. Kc4 {1-0 Dautov,
R-Hodgson,J/Istanbul 2000/EXT 2001 (35); siehe dazu die Anmerkungen von R.
Dautov in "Schach" 12/2000, S.34-35.}) 12. exd4 ({Es ist wichtig, sicher zu
sein, daß Weiß mit} 12. Nxd4 {nichts erreichen kann:} Qd6 13. f4 ({Nach} 13.
Nxe6 Qxe5 14. Nxf8 Ng4 15. f4 Qxa1 {hat Schwarz Vorteil.}) 13... Nfd7 14. Nxe6
Qxe6 15. cxd5 Qxd5 16. Be4 (16. Bc4 Qc5) 16... Qe6 17. Bxb7 Ra7 18. Bc8 Bxe5
19. fxe5 Qxe5 {usw. Der Zug f2-f4 schwächt die Bauernstruktur des Weißen
erheblich.}) 12... Nc6 13. Nxc6 bxc6 $11 14. Bf4 Nh5 15. Be5 dxc4 16. Bxc4 ({
Nach} 16. bxc4 Bxe5 17. dxe5 Qa5 18. c5 Rfd8 {erhält Schwarz die Initiative.})
16... Bf5 $6 (16... Bd5 {gefällt mir besser.}) 17. Qc3 Nf6 18. Ng3 Bd7 19. Rfe1
Bh6 20. h3 Nd5 21. Qf3 a5 22. Ne4 (22. Bxd5 {Nach} cxd5 23. Qxd5 Be6 {hat
Schwarz keine Sorgen.}) 22... Nb6 23. Nc5 Bd2 24. Re2 Bb4 25. Bd3 Nd5 26. a3 $6
(26. Rc1 $5 $14) 26... Bxc5 27. dxc5 f6 28. Bb2 e5 29. Bc4 Be6 $11 30. Rd2 Qe7
31. Rc1 Rfd8 32. g3 Rd7 33. h4 Kg7 34. Qe2 Rad8 35. Qe1 Bg4 36. Bf1 Qe6 37. b4
axb4 38. axb4 Bf3 39. Kh2 Rb8 $2 ({Nach} 39... Rc7 {hat Schwarz bestimmt
nichts zu befürchten.}) 40. b5 cxb5 {Wenn der b-Bauer des Weißen nach b6
gelangt, hat Schwarz nichts zu lachen.} 41. Bh3 Qc6 ({Die Folge} 41... Bg4 42.
Bxg4 Qxg4 43. c6 Rd6 44. Bxe5 Re8 45. Bxd6 Rxe1 46. Rxe1 {führt zu einer
Verluststellung für Schwarz.}) 42. Bxd7 Qxd7 43. c6 $2 {Mit der Fortsetzung} (
43. Rd3 Qf5 ({Nach} 43... e4 44. Ra3 Rc8 (44... Nf4 45. gxf4 Qg4 {scheitert an}
46. Bxf6+ Kf7 (46... Kxf6 47. Qc3+ {nebst matt.}) (46... Kg8 47. Qg1 Qxf4+ 48.
Qg3 Qxc1 49. Qxb8+) 47. Rxf3 $18) 45. Qd2 {hat der schwarzfeldrige Läufer des
Weißen entscheidende Wirksamkeit.}) 44. Qd2 {hätte Weiß die im folgenden für
Schwarz so wichtige taktische Möglichkeit Sd5-f4 entkräftet und ausgezeichnete
Gewinnaussichten bekommen:} Rd8 45. c6 Nf4 46. Rd7+ {usw.}) 43... Qf5 44. c7 (
44. Qf1 Nf4 {führt zum Remis, wie weiter unten ausgeführt wird.}) 44... Rc8 45.
Rc5 $2 (45. Qf1 Nf4 46. Kg1 Nh3+ (46... Bg2 {scheitert an} 47. Qxb5) 47. Kh2
Nf4 {mit remis.}) 45... Nf4 46. Qf1 b4 $2 (46... Bg2 47. Qxg2 Nxg2 48. Kxg2 b4
{sollte zum Gewinn führen.}) 47. Rc4 $2 ({Der oben angegebene Remismechanismus
sitzt auch hier in der Stellung:} 47. Kg1 Nh3+ (47... Bg2 48. Qb5 $18) 48. Kh2
Nf4 49. Kg1) 47... Bg2 $19 48. Qxg2 Nxg2 49. Kxg2 Qe6 50. Rc1 Qf7 51. Rdc2 Qd5+
52. Kg1 h6 53. Rc4 Qd2 54. R4c2 Qd7 55. Rc4 g5 56. hxg5 hxg5 57. Rxb4 Rxc7 58.
Rxc7 Qxc7 59. Ba3 Qc3 60. Ra4 Kg6 61. Ra6 Qd3 62. Ra7 Qd1+ 63. Kg2 Qd5+ 64. Kg1
Qd4 65. Rc7 Qa1+ 66. Bc1 f5 67. Kg2 Qa8+ 68. Kg1 f4 69. gxf4 gxf4 70. Rc3 Kf5
71. Kf1 Qa1 72. Rc7 Qa6+ 73. Kg2 Qa8+ 74. f3 Qa2+ 75. Kf1 Qa6+ 0-1